Conocimiento de la política de extensión universitaria del Centro Universitario Regional del Nordeste (CURNE). (Record no. 1265)

MARC details
000 -LEADER
campo de control de longitud fija 02919nam a2200565Ia 4500
001 - NÚMERO DE CONTROL
campo de control 1360
008 - DATOS DE LONGITUD FIJA--INFORMACIÓN GENERAL
campo de control de longitud fija 241029s9999 xx 000 0 und d
010 ## - NÚMERO DE CONTROL DE LA BIBLIOTECA DEL CONGRESO
Número de control de LC 1265
041 ## - CÓDIGO DE IDIOMA
Código de lengua del texto/banda sonora o título independiente Español
082 ## - NÚMERO DE LA CLASIFICACIÓN DECIMAL DEWEY
Número de clasificación ST, MA-ES, 0046, FH, 2004
245 #0 - MENCIÓN DEL TÍTULO
Título Conocimiento de la política de extensión universitaria del Centro Universitario Regional del Nordeste (CURNE).
260 ## - PUBLICACIÓN, DISTRIBUCIÓN, ETC.
Lugar de publicación, distribución, etc. Duarte
300 ## - DESCRIPCIÓN FÍSICA
Extensión 69
520 ## - RESUMEN, ETC.
Sumario, etc. 1
520 ## - RESUMEN, ETC.
Sumario, etc. El propósito principal de la investigación consistió en valorar el nivel de conocimiento que tienen los profesores y estudiantes de la política de extensión universitaria del Centro Universitario Regional del Nordeste (CURNE), para lo cual sus autores utilizaron un diseño de tipo analítico.Se trabajó con una población de 10,400 estudiantes y 244 profesores y una muestra de 85 profesores y 244 estudiantes. Para el alcance de los objetivos, las técnicas empleadas fueron análisis estadístico, bibliográfico, la encuesta, entre otras.El estudio concluye, señalando que según la apreciación del 58.5% de estudiantes y profesores, en cuanto a la política de extensión universitaria, señaló que el Centro a veces realiza actividades de extensión; a consideración del 55.3% de los profesores y el 37.3% de los estudiantes, nunca se toma en cuenta los medios económicos para la realización de las actividades de extensión universitaria.Algunas de las principales recomendaciones resultado de la investigación son: a las autoridades del CURNE, para que elaboren una política de extensión universitaria, que realice las actividades de extensión en la misma intensidad y frecuencia que la docencia y la investigación, que establezcan la obligatoriedad para todas las unidades de la realización de estas actividades, asignar un presupuesto para esta labor, entre otras.
630 ## - PUNTO DE ACCESO ADICIONAL DE MATERIA--TÍTULO UNIFORME
Título uniforme Construcción de conocimiento
630 ## - PUNTO DE ACCESO ADICIONAL DE MATERIA--TÍTULO UNIFORME
Título uniforme Desempeño Docente
630 ## - PUNTO DE ACCESO ADICIONAL DE MATERIA--TÍTULO UNIFORME
Título uniforme Docentes
630 ## - PUNTO DE ACCESO ADICIONAL DE MATERIA--TÍTULO UNIFORME
Título uniforme Estrategia Metodológica
650 ## - PUNTO DE ACCESO ADICIONAL DE MATERIA--TÉRMINO DE MATERIA
Término de materia o nombre geográfico como elemento de entrada Calidad Docente
690 ## - PUNTO DE ACCESO ADICIONAL DE MATERIA LOCAL--TÉRMINO DE MATERIA (OCLC, RLIN)
Término de materia o nombre geográfico como elemento inicial Elaborado
700 ## - ENTRADA AGREGADA--NOMBRE PERSONAL
Término indicativo de función/relación asesor
Nombre de persona Arias, Rafael
700 ## - ENTRADA AGREGADA--NOMBRE PERSONAL
Término indicativo de función/relación autor
Nombre de persona Máximo Ramón, Vargas Morel
700 ## - ENTRADA AGREGADA--NOMBRE PERSONAL
Término indicativo de función/relación autor
Nombre de persona León Vizcaíno, Jesús
901 ## - ELEMENTOS DE DATOS A LOCAL LDA (RLIN)
a {"1":"Máximo Ramón","2":"León Vizcaíno"}
b {"1":"Vargas Morel","2":"Jesús"}
902 ## - ELEMENTOS DE DATOS B LOCAL, LDB (RLIN)
a 1
903 ## - ELEMENTOS DE DATOS C LOCAL, LDC (RLIN)
a {"1":"Arias"}
b {"1":"Rafael"}
904 ## - ELEMENTOS DE DATOS D LOCAL, LDD (RLIN)
a Maestría en
905 ## - ELEMENTOS DE DATOS E LOCAL, LDE (RLIN)
a Enseñanza Superior
906 ## - ELEMENTOS DE DATOS F LOCAL, LDF (RLIN)
a 2
907 ## - ELEMENTOS DE DATOS G LOCAL, LDG (RLIN)
a NO APLICA
908 ## - COLOCAR PARÁMETRO DE COMANDO (RLIN)
Colocar parámetro de comando NO APLICA
909 ## -
-- Universidad Autónoma de Santo Domingo (UASD)
910 ## - DATOS DE OPCIÓN DEL USUARIO (OCLC)
Datos de opción del usuario NULL
-- NULL
911 ## - EQUIVALENCIA O REFERENCIA-CRUZADA-NOMBRE DE CONFERENCIA O REUNIÓN/CONGRESO [LOCAL, CANADÁ]
Nombre de congreso/reunión o jurisdicción como elemento de entrada ["1"]
912 ## -
-- NO APLICA
913 ## -
-- NULL
914 ## -
-- 01 de Septiembre de 2004
915 ## -
-- 21/11/19 03:11
916 ## -
-- NULL
917 ## -
-- NULL
918 ## -
-- Educación para adultos
919 ## -
-- ["247","62","70","95"]
921 ## -
-- 16
922 ## -
-- 16
923 ## -
-- 0
924 ## -
-- NO APLICA
942 ## - ELEMENTOS DE ENTRADA SECUNDARIOS (KOHA)
Tipo de ítem Koha

No items available.

© 2024. Todos los Derechos Reservados. Desarrollado por IDEICE